000 00467nam a2200181Ia 4500
001 3597
005 20260306145655.0
008 260306t2019||||xx |||||||||||||| ||spa||
041 _aESP
082 _a297.1
_bL54
100 _aLevinas, Emmanuel
_eAUT
245 0 _aEn la hora de las naciones:
_blecturas talmúdicas, ensayos y conversaciones
260 _c2019
300 _a254 páginas :
_c21 cm.
650 _aGEN
654 _aCHU
942 _cLIB
_dJUS
_fJUS
_2ddc
_n
999 _c3597
_d3597